[Event "49th Rilton Cup 2019-20"]
[Site "Stockholm"]
[Date "2020.01.04"]
[Round "8.19"]
[White "Savanovic, Aleksandar"]
[Black "Vestby-Ellingsen, Mads"]
[Result "1/2-1/2"]
[WhiteElo "2420"]
[BlackElo "2346"]
[Annotator "NA"]
[PlyCount "109"]
[EventDate "2019.12.27"]
[EventType "swiss"]
[EventCountry "SWE"]
[SourceTitle "playchess.com"]
[Source "ChessBase"]
[SourceQuality "1"]
[TimeControl "40/5400+30:1800+30"]

1. e4 {[%emt 0:00:00]} c5 {[%emt 0:00:00]} 2. Nf3 {[%emt 0:00:00]} e6 {[%emt 0:00:06]} 3. d4 {[%emt 0:00:05]} cxd4 {[%emt 0:00:17]} 4. Nxd4 {[%emt 0:00:06]} Nc6 {[%emt 0:00:10]} 5. Nc3 {[%emt 0:00:07]} Qc7 {[%emt 0:00:17]} 6. Be2 {[%emt 0:00:33]} Nf6 {[%emt 0:00:18]} 7. O-O {[%emt 0:00:07]} Be7 {[%emt 0:00:17]} 8. Be3 {[%emt 0:00:41]} d6 {[%emt 0:00:26]} 9. f4 {[%emt 0:00:18]} O-O {[%emt 0:00:20]} 10. Kh1 {[%emt 0:03:22]} Nxd4 {[%emt 0:00:34]} 11. Qxd4 {[%emt 0:01:48]} b6 {[%emt 0:00:20]} 12. f5 {[%emt 0:15:13]} e5 {[%emt 0:03:43]} 13. Qd3 {[%emt 0:02:35]} Bb7 {[%emt 0:00:37]} 14. Bf3 {[%emt 0:16:43]} Rac8 {[%emt 0:16:10]} 15. Bg5 {[%emt 0:11:41]} Rfd8 {[%emt 0:04:18]} 16. Bxf6 {[%emt 0:04:27]} Bxf6 {[%emt 0:00:13]} 17. Rf2 $11 {[%emt 0:02:32]} Qc5 {[%emt 0:18:16]} 18. Re2 {[%emt 0:00:46]} Rd7 {[%emt 0:00:27]} 19. a3 {[%emt 0:05:21]} Qc4 {[%emt 0:14:26]} 20. Qxc4 {[%emt 0:02:46]} Rxc4 {[%emt 0:00:07]} 21. Rd1 {[%emt 0:00:09]} Rd4 {[%emt 0:01:34]} 22. Red2 {[%emt 0:01:44]} Rxd2 {[%emt 0:00:32]} 23. Rxd2 {[%emt 0:00:05]} Bg5 {[%emt 0:01:39]} 24. Rd1 {[%emt 0:00:18]} Kf8 {[%emt 0:08:42]} 25. g3 {[%emt 0:07:06]} Ke7 {[%emt 0:01:16]} 26. Ne2 {[%emt 0:05:14]} Rc7 {[%emt 0:01:49]} 27. h4 {[%emt 0:01:42]} Bh6 {[%emt 0:03:41]} 28. c3 {[%emt 0:00:08]} Rc4 {[%emt 0:03:03]} 29. Kg2 {[%emt 0:00:11]} Bxe4 {[%emt 0:01:19]} 30. Bxe4 {[%emt 0:02:11]} Rxe4 {[%emt 0:00:55]} 31. Kf3 {[%emt 0:00:03]} Rc4 {[%emt 0:02:37]} 32. b3 {[%emt 0:00:09]} e4+ {[%emt 0:05:54]} 33. Kf2 {[%emt 0:01:08]} Rc5 {[%emt 0:00:19]} 34. g4 {[%emt 0:00:05]} f6 {[%emt 0:03:27]} 35. b4 {[%emt 0:03:15]} Rc8 {[%emt 0:04:27]} 36. Rd4 {[%emt 0:00:16]} e3+ {[%emt 0:00:19]} 37. Kf3 {[%emt 0:00:10]} b5 {[%emt 0:03:30]} 38. Rd5 {[%emt 0:01:06]} a6 {[%emt 0:00:08]} 39. a4 {[%emt 0:00:25]} bxa4 {[%emt 0:00:42]} 40. Ra5 {[%emt 0:00:06]} Rc6 {[%emt 0:01:37]} 41. Rxa4 {[%emt 0:35:04]} Kd7 {[%emt 0:10:45]} 42. Ra3 {[%emt 0:00:00]} Kc8 {[%emt 0:00:51]} 43. Nd4 {[%emt 0:00:00]} Rc4 {[%emt 0:01:22]} 44. Ke2 {[%emt 0:00:00]} Kb7 {[%emt 0:00:49]} 45. Kd3 {[%emt 0:00:00]} d5 {[%emt 0:08:31]} 46. Ra5 {[%emt 0:00:00]} e2 {[%emt 0:00:27]} 47. Nxe2 {[%emt 0:00:00]} Rxg4 {[%emt 0:00:13]} 48. Rxd5 {[%emt 0:00:00]} Rxh4 {[%emt 0:00:58]} 49. Rd7+ {[%emt 0:00:00]} Kc6 {[%emt 0:00:42]} 50. Ra7 {[%emt 0:00:00]} Kb6 {[%emt 0:00:07]} 51. Re7 {[%emt 0:00:00]} Bf4 {[%emt 0:05:36]} 52. Re6+ {[%emt 0:00:00]} Kb7 {[%emt 0:00:07]} 53. Re7+ {[%emt 0:00:00]} Kb6 {[%emt 0:00:08]} 54. Re6+ {[%emt 0:00:00]} Kb7 {[%emt 0:00:08]} 55. Re7+ {[%emt 0:00:00]} 1/2-1/2

[Event "49th Rilton Cup 2019-20"]
[Site "Stockholm"]
[Date "2020.01.04"]
[Round "8.20"]
[White "Piesik, Piotr"]
[Black "Zadruzny, Nicolaj"]
[Result "1/2-1/2"]
[WhiteElo "2417"]
[BlackElo "2338"]
[Annotator "NA"]
[PlyCount "62"]
[EventDate "2019.12.27"]
[EventType "swiss"]
[EventCountry "SWE"]
[SourceTitle "playchess.com"]
[Source "ChessBase"]
[SourceQuality "1"]
[TimeControl "40/5400+30:1800+30"]

1. d4 {[%emt 0:00:00]} Nf6 {[%emt 0:01:43]} 2. c4 {[%emt 0:01:13]} e6 {[%emt 0:00:05]} 3. Nf3 {[%emt 0:00:06]} d5 {[%emt 0:00:08]} 4. Nc3 {[%emt 0:00:13]} Be7 {[%emt 0:00:14]} 5. Bf4 {[%emt 0:00:40]} O-O {[%emt 0:00:12]} 6. e3 {[%emt 0:00:05]} Nbd7 {[%emt 0:00:15]} 7. Qc2 {[%emt 0:03:32]} c5 {[%emt 0:00:38]} 8. dxc5 {[%emt 0:03:10]} Nxc5 {[%emt 0:10:43]} 9. Be2 {[%emt 0:05:27]} dxc4 {[%emt 0:02:41]} 10. Bxc4 {[%emt 0:00:35]} a6 {[%emt 0:01:13]} 11. Ne5 {[%emt 0:13:10]} Ncd7 {[%emt 0:06:54]} 12. O-O {[%emt 0:08:16]} Nxe5 {[%emt 0:08:38]} 13. Bxe5 {[%emt 0:01:38]} Qa5 {[%emt 0:00:04]} 14. Bxf6 {[%emt 0:11:17]} Bxf6 {[%emt 0:00:16]} 15. Ne4 {[%emt 0:00:06]} Be7 {[%emt 0:02:16]} 16. Rfd1 $11 {[%emt 0:00:57]} Qc7 {[%emt 0:07:52]} 17. Bb3 {[%emt 0:08:37]} Qxc2 {[%emt 0:04:09]} 18. Bxc2 {[%emt 0:00:02]} b5 {[%emt 0:09:47]} 19. a4 {[%emt 0:09:23]} bxa4 {[%emt 0:01:03]} 20. Rxa4 {[%emt 0:01:17]} Rb8 {[%emt 0:00:26]} 21. b3 {[%emt 0:00:57]} Bb4 {[%emt 0:16:12]} 22. Nd2 {[%emt 0:06:36]} Rd8 {[%emt 0:01:38]} 23. Nc4 {[%emt 0:00:22]} Rxd1+ {[%emt 0:00:35]} 24. Bxd1 {[%emt 0:00:01]} a5 {[%emt 0:03:55]} 25. Ra1 {[%emt 0:07:44]} Rb5 {[%emt 0:04:06]} 26. Be2 {[%emt 0:02:37]} Rc5 {[%emt 0:01:33]} 27. f3 {[%emt 0:04:34]} Kf8 {[%emt 0:00:30]} 28. Nb6 {[%emt 0:02:09]} Ke7 {[%emt 0:04:01]} 29. Nxc8+ {[%emt 0:00:50]} Rxc8 {[%emt 0:00:06]} 30. Rd1 {[%emt 0:01:26]} Rc3 {[%emt 0:01:27]} 31. Rd3 {[%emt 0:00:06]} Rxd3 {[%emt 0:00:42]} 1/2-1/2

[Event "49th Rilton Cup 2019-20"]
[Site "Stockholm"]
[Date "2020.01.04"]
[Round "8.21"]
[White "Haug, Johannes"]
[Black "Chernyak, Viktoria"]
[Result "1/2-1/2"]
[WhiteElo "2407"]
[BlackElo "2284"]
[Annotator "RC"]
[PlyCount "61"]
[EventDate "2019.12.27"]
[EventType "swiss"]
[EventCountry "SWE"]
[SourceTitle "playchess.com"]
[Source "ChessBase"]
[SourceQuality "1"]
[TimeControl "40/5400+30:1800+30"]

1. d4 {[%emt 0:00:00]} Nf6 {[%emt 0:00:00]} 2. c4 {[%emt 0:00:04]} e6 {[%emt 0:00:00]} 3. Nf3 {[%emt 0:00:21]} b6 {[%emt 0:00:08]} 4. g3 {[%emt 0:02:35]} Bb7 {[%emt 0:00:13]} 5. Bg2 {[%emt 0:00:07]} g6 {[%emt 0:02:40]} 6. Nc3 {[%emt 0:05:52]} Ne4 {[%emt 0:04:53]} 7. Bd2 {[%emt 0:09:27]} Bg7 {[%emt 0:00:29]} 8. Qc2 {[%emt 0:02:17]} Nxd2 {[%emt 0:02:37]} 9. Qxd2 {[%emt 0:00:15]} d6 {[%emt 0:00:18]} 10. e4 {[%emt 0:04:11]} Nd7 {[%emt 0:00:38]} 11. O-O {[%emt 0:02:13]} O-O {[%emt 0:00:40]} 12. Rad1 {[%emt 0:01:36]} Qe7 {[%emt 0:03:04]} 13. Rfe1 {[%emt 0:01:36]} a6 {[%emt 0:01:30]} 14. b3 {[%emt 0:01:12]} Rfd8 {[%emt 0:07:28]} 15. d5 {[%emt 0:21:06]} Re8 {[%emt 0:22:25]} 16. Nd4 {[%emt 0:05:27]} Nf8 {[%emt 0:06:16]} 17. f4 {[%emt 0:04:26]} e5 {[%emt 0:03:27]} 18. Nc2 {[%emt 0:05:03]} Bc8 {[%emt 0:02:50]} 19. Rf1 {[%emt 0:04:30]} exf4 {[%emt 0:00:56]} 20. gxf4 {[%emt 0:00:07]} Qh4 {[%emt 0:00:16]} 21. Rde1 {[%emt 0:07:38]} Bh3 {[%emt 0:02:44]} 22. Nd1 {[%emt 0:08:05]} Nd7 {[%emt 0:03:55]} 23. Re3 {[%emt 0:02:03]} Bxg2 {[%emt 0:00:23]} 24. Qxg2 {[%emt 0:02:12]} a5 {[%emt 0:02:03]} 25. Qg3 {[%emt 0:02:11]} Qxg3+ {[%emt 0:01:09]} 26. hxg3 {[%emt 0:00:05]} Re7 {[%emt 0:00:01]} 27. Kg2 {[%emt 0:01:11]} Rae8 {[%emt 0:02:39]} 28. Kf3 {[%emt 0:00:51]} h5 {[%emt 0:00:42]} 29. Nf2 {[%emt 0:00:35]} Nc5 {[%emt 0:00:51]} 30. Rfe1 {[%emt 0:01:33]} Bf6 {[%emt 0:04:20]} 31. Rh1 {[%emt 0:04:02]} 1/2-1/2

[Event "49th Rilton Cup 2019-20"]
[Site "Stockholm"]
[Date "2020.01.04"]
[Round "8.22"]
[White "Balokas, Dimitrios"]
[Black "Spyropoulos, Nikolaos"]
[Result "0-1"]
[WhiteElo "2209"]
[BlackElo "2401"]
[Annotator "NA"]
[PlyCount "68"]
[EventDate "2019.12.27"]
[EventType "swiss"]
[EventCountry "SWE"]
[SourceTitle "playchess.com"]
[Source "ChessBase"]
[SourceQuality "1"]
[TimeControl "40/5400+30:1800+30"]

1. Nf3 {[%emt 0:09:41]} e6 {[%emt 0:00:00]} 2. c4 {[%emt 0:00:10]} f5 {[%emt 0:00:18]} 3. d4 {[%emt 0:00:09]} Nf6 {[%emt 0:00:30]} 4. g3 {[%emt 0:00:07]} c6 {[%emt 0:04:31]} 5. Bg2 {[%emt 0:00:13]} d5 {[%emt 0:00:05]} 6. O-O {[%emt 0:00:14]} Bd6 {[%emt 0:00:49]} 7. Nc3 {[%emt 0:00:09]} O-O {[%emt 0:05:59]} 8. Rb1 {[%emt 0:00:09]} Qe7 {[%emt 0:13:12]} 9. Bg5 {[%emt 0:00:02]} Nbd7 {[%emt 0:01:53]} 10. e3 {[%emt 0:00:02]} b6 {[%emt 0:14:29]} 11. cxd5 {[%emt 0:07:35]} exd5 $14 {[%emt 0:17:53]} 12. Qc2 {[%emt 0:16:46]} g6 {[%emt 0:04:08]} 13. Ne2 {[%emt 0:09:18]} Bb7 {[%emt 0:01:38]} 14. Bf4 {[%emt 0:02:04]} Ne4 {[%emt 0:03:40]} 15. Bxd6 {[%emt 0:01:05]} Qxd6 {[%emt 0:00:06]} 16. Nf4 {[%emt 0:00:16]} Rac8 {[%emt 0:00:42]} 17. b4 {[%emt 0:00:17]} Ba6 {[%emt 0:04:49]} 18. Rfc1 {[%emt 0:01:48]} Bc4 {[%emt 0:06:20]} 19. Nd3 {[%emt 0:01:54]} b5 {[%emt 0:07:16]} 20. Nfe5 {[%emt 0:00:39]} Bxd3 {[%emt 0:04:04]} 21. Nxd3 {[%emt 0:00:25]} Nb6 {[%emt 0:00:22]} 22. Ne5 {[%emt 0:00:42]} Nc4 {[%emt 0:00:07]} 23. Nxc4 {[%emt 0:00:47]} bxc4 {[%emt 0:00:03]} 24. Qa4 {[%emt 0:08:54]} Rb8 {[%emt 0:00:59]} 25. f3 {[%emt 0:11:48]} Nf6 {[%emt 0:00:05]} 26. Qxa7 {[%emt 0:02:15]} Ra8 {[%emt 0:05:05]} 27. Qc5 {[%emt 0:01:18]} Qe6 {[%emt 0:00:03]} 28. b5 {[%emt 0:00:47]} cxb5 {[%emt 0:00:20]} 29. e4 {[%emt 0:01:09]} fxe4 {[%emt 0:01:10]} 30. Re1 {[%emt 0:02:10]} Nd7 {[%emt 0:02:10]} 31. Qxb5 {[%emt 0:00:51]} Rxa2 {[%emt 0:02:09]} 32. fxe4 {[%emt 0:02:16]} Rff2 {[%emt 0:00:17]} 33. Bh1 {[%emt 0:01:02]} Qh3 {[%emt 0:00:44]} 34. Qxd5+ {[%emt 0:00:06]} Kg7 {[%emt 0:00:11]} 0-1

[Event "49th Rilton Cup 2019-20"]
[Site "Stockholm"]
[Date "2020.01.04"]
[Round "8.23"]
[White "Koykka, Pekka"]
[Black "Quesada Vera, Liordis"]
[Result "1-0"]
[WhiteElo "2372"]
[BlackElo "2391"]
[Annotator "NA"]
[PlyCount "67"]
[EventDate "2019.12.27"]
[EventType "swiss"]
[EventCountry "SWE"]
[SourceTitle "playchess.com"]
[Source "ChessBase"]
[SourceQuality "1"]
[TimeControl "40/5400+30:1800+30"]

1. d4 {[%emt 0:00:00]} Nf6 {[%emt 0:07:07]} 2. c4 {[%emt 0:00:31]} c5 {[%emt 0:01:06]} 3. d5 {[%emt 0:00:30]} b5 {[%emt 0:02:27]} 4. cxb5 {[%emt 0:00:30]} a6 {[%emt 0:00:30]} 5. bxa6 {[%emt 0:01:07]} g6 {[%emt 0:00:30]} 6. Nc3 {[%emt 0:00:36]} Bxa6 {[%emt 0:00:30]} 7. e4 {[%emt 0:00:43]} Bxf1 {[%emt 0:00:30]} 8. Kxf1 {[%emt 0:00:30]} d6 {[%emt 0:00:30]} 9. Nf3 {[%emt 0:01:42]} Bg7 {[%emt 0:00:30]} 10. g3 {[%emt 0:00:30]} O-O {[%emt 0:00:30]} 11. Kg2 {[%emt 0:00:30]} Nbd7 {[%emt 0:00:37]} 12. a4 {[%emt 0:00:30]} Ra6 {[%emt 0:09:16]} 13. Qc2 {[%emt 0:07:40]} Qa8 {[%emt 0:01:41]} 14. Nb5 {[%emt 0:12:36]} Qb7 {[%emt 0:10:08]} 15. Bd2 {[%emt 0:11:11]} e6 $11 {[%emt 0:07:33]} 16. dxe6 {[%emt 0:03:52]} fxe6 {[%emt 0:00:30]} 17. Rhe1 {[%emt 0:00:34]} d5 {[%emt 0:18:52]} 18. exd5 {[%emt 0:00:30]} exd5 {[%emt 0:00:30]} 19. Bf4 {[%emt 0:02:40]} Ne4 {[%emt 0:16:03]} 20. Nc7 {[%emt 0:37:01]} g5 {[%emt 0:14:19]} 21. Nxa6 {[%emt 0:10:16]} gxf4 {[%emt 0:00:30]} 22. Rad1 {[%emt 0:03:40]} fxg3 {[%emt 0:02:43]} 23. hxg3 {[%emt 0:00:30]} Bd4 {[%emt 0:02:55]} 24. Nc7 {[%emt 0:01:06]} Ne5 {[%emt 0:00:48]} 25. Rxd4 {[%emt 0:02:29]} Nxf3 {[%emt 0:00:35]} 26. Rexe4 {[%emt 0:00:35]} dxe4 {[%emt 0:00:46]} 27. Qc4+ {[%emt 0:00:30]} Kh8 {[%emt 0:00:46]} 28. Qxc5 {[%emt 0:00:30]} Rc8 {[%emt 0:00:33]} 29. Rd7 {[%emt 0:00:30]} e3 {[%emt 0:00:30]} 30. Qc3+ {[%emt 0:00:30]} Ne5+ {[%emt 0:00:33]} 31. Kh2 {[%emt 0:00:32]} Qe4 {[%emt 0:00:30]} 32. Re7 {[%emt 0:00:30]} Rxc7 {[%emt 0:00:30]} 33. Re8+ {[%emt 0:00:30]} Kg7 {[%emt 0:00:30]} 34. Qxc7+ {[%emt 0:00:30]} 1-0

[Event "49th Rilton Cup 2019-20"]
[Site "Stockholm"]
[Date "2020.01.04"]
[Round "8.24"]
[White "Schoppen, Casper"]
[Black "Ajay Krishna, S."]
[Result "0-1"]
[WhiteElo "2507"]
[BlackElo "2302"]
[Annotator "ChessBase"]
[PlyCount "110"]
[EventDate "2019.12.27"]
[EventType "swiss"]
[EventCountry "SWE"]
[SourceTitle "playchess.com"]
[Source "ChessBase"]
[SourceQuality "1"]
[TimeControl "40/5400+30:1800+30"]

1. e4 {[%emt 0:05:00]} c5 {[%emt 0:00:00]} 2. Nf3 {[%emt 0:00:07]} d6 {[%emt 0:00:00]} 3. d4 {[%emt 0:00:28]} cxd4 {[%emt 0:00:00]} 4. Nxd4 {[%emt 0:00:05]} Nf6 {[%emt 0:00:04]} 5. Nc3 {[%emt 0:00:11]} a6 {[%emt 0:00:11]} 6. Be2 {[%emt 0:01:47]} e5 {[%emt 0:00:51]} 7. Nf3 {[%emt 0:00:28]} Be7 {[%emt 0:01:18]} 8. Bg5 {[%emt 0:00:24]} Nbd7 {[%emt 0:00:35]} 9. a4 {[%emt 0:03:54]} h6 {[%emt 0:02:47]} 10. Bxf6 {[%emt 0:06:09]} Nxf6 {[%emt 0:00:14]} 11. Bc4 {[%emt 0:01:36]} O-O {[%emt 0:06:33]} 12. O-O {[%emt 0:03:39]} Be6 {[%emt 0:02:06]} 13. Qd3 {[%emt 0:02:32]} Rc8 {[%emt 0:10:26]} 14. Bb3 {[%emt 0:05:05]} Qa5 {[%emt 0:08:36]} 15. Nd2 {[%emt 0:02:56]} Rfd8 {[%emt 0:02:45]} 16. Rfe1 {[%emt 0:25:05]} Rd7 {[%emt 0:13:22]} 17. Nd5 {[%emt 0:13:24]} Bxd5 {[%emt 0:04:57]} 18. exd5 {[%emt 0:00:07]} Bd8 {[%emt 0:02:18]} 19. Nc4 {[%emt 0:07:53]} Qc5 {[%emt 0:00:20]} 20. Ne3 {[%emt 0:02:05]} g6 {[%emt 0:05:01]} 21. c3 {[%emt 0:01:45]} Nh7 {[%emt 0:04:42]} 22. Bc2 {[%emt 0:01:27]} f5 {[%emt 0:07:06]} 23. Qd2 {[%emt 0:06:13]} Rf7 {[%emt 0:01:42]} 24. a5 {[%emt 0:01:16]} Be7 {[%emt 0:09:44]} 25. Ra4 {[%emt 0:00:45]} Rcf8 {[%emt 0:00:22]} 26. b4 {[%emt 0:01:57]} Qc8 {[%emt 0:00:34]} 27. f3 {[%emt 0:04:43]} Bg5 {[%emt 0:01:16]} 28. c4 {[%emt 0:00:27]} e4 {[%emt 0:01:28]} 29. Qf2 {[%emt 0:01:36]} exf3 {[%emt 0:02:02]} 30. gxf3 {[%emt 0:00:06]} Bxe3 {[%emt 0:03:22]} 31. Qxe3 {[%emt 0:00:07]} Qxc4 {[%emt 0:00:54]} 32. Bb3 {[%emt 0:00:05]} Qh4 {[%emt 0:00:40]} 33. b5 {[%emt 0:00:19]} f4 {[%emt 0:01:02]} 34. Qf2 {[%emt 0:00:56]} Ng5 {[%emt 0:01:02]} 35. Qxh4 {[%emt 0:01:10]} Nxf3+ {[%emt 0:00:07]} 36. Kf2 {[%emt 0:00:04]} Nxh4 {[%emt 0:00:07]} 37. b6 {[%emt 0:00:33]} g5 {[%emt 0:05:30]} 38. Re6 {[%emt 0:01:16]} g4 {[%emt 0:00:26]} 39. Bd1 {[%emt 0:00:47]} Rg7 {[%emt 0:00:45]} 40. Rxh6 {[%emt 0:00:46]} g3+ {[%emt 0:00:09]} 41. hxg3 {[%emt 0:12:05]} fxg3+ {[%emt 0:00:00]} 42. Kg1 {[%emt 0:00:12]} g2 {[%emt 0:00:33]} 43. Rh8+ {[%emt 0:02:08]} Kxh8 {[%emt 0:01:09]} 44. Rxh4+ {[%emt 0:00:07]} Rh7 {[%emt 0:01:47]} 45. Rxh7+ {[%emt 0:00:20]} Kxh7 {[%emt 0:00:10]} 46. Kxg2 {[%emt 0:00:12]} Rc8 {[%emt 0:06:38]} 47. Ba4 {[%emt 0:00:05]} Rc5 {[%emt 0:01:02]} 48. Bc6 {[%emt 0:00:16]} Rxa5 {[%emt 0:00:15]} 49. Bxb7 {[%emt 0:00:05]} Ra2+ {[%emt 0:00:44]} 50. Kf3 {[%emt 0:00:04]} a5 {[%emt 0:00:22]} 51. Bc6 {[%emt 0:01:13]} Rb2 {[%emt 0:00:09]} 52. b7 {[%emt 0:00:03]} Kg6 {[%emt 0:00:42]} 53. Ke4 {[%emt 0:00:18]} Kf6 {[%emt 0:00:11]} 54. Kd4 {[%emt 0:00:09]} Rb4+ {[%emt 0:00:37]} 55. Kc3 {[%emt 0:00:06]} Ke7 {[%emt 0:00:16]} 0-1

[Event "49th Rilton Cup 2019-20"]
[Site "Stockholm"]
[Date "2020.01.05"]
[Round "9.1"]
[White "Moradiabadi, Elshan"]
[Black "Volkov, Sergey"]
[Result "1/2-1/2"]
[WhiteElo "2539"]
[BlackElo "2578"]
[Annotator "TA"]
[PlyCount "19"]
[EventDate "2019.12.27"]
[EventType "swiss"]
[EventCountry "SWE"]
[SourceTitle "playchess.com"]
[Source "ChessBase"]
[SourceQuality "1"]

{[%evp 18,19,14,0]} 1. d4 d5 2. Nf3 Nf6 3. c4 c6 4. cxd5 cxd5 5. Nc3 Nc6 6. Bf4 Nh5 $146 ({Predecessor:} 6... Bf5 7. e3 e6 8. Bd3 Bxd3 9. Qxd3 Bd6 10. Bxd6 Qxd6 11. O-O O-O 12. Rac1 Rfc8 13. h3 Ne7 14. Rc2 Qd8 15. Rfc1 h6 16. Ne2 Rxc2 17. Rxc2 Rc8 18. Nc1 Rxc2 19. Qxc2 Qc8 20. Qxc8+ Nxc8 21. Nd3 {½-½ (30) Leko,P (2674)-Rapport,R (2736) Hengshui 2019}) 7. Bd2 Nf6 8. Bf4 Nh5 9. Bd2 Nf6 10. Bf4 1/2-1/2

[Event "49th Rilton Cup 2019-20"]
[Site "Stockholm"]
[Date "2020.01.05"]
[Round "9.2"]
[White "Nesterov, Arseniy"]
[Black "Meshkovs, Nikita"]
[Result "1-0"]
[WhiteElo "2482"]
[BlackElo "2558"]
[Annotator "TA"]
[PlyCount "125"]
[EventDate "2019.12.27"]
[EventType "swiss"]
[EventCountry "SWE"]
[SourceTitle "playchess.com"]
[Source "ChessBase"]
[SourceQuality "1"]

{[%evp 12,125,0,0,0,0,0,-1,0,7,35,10,27,31,34,1,13,0,0,0,57,43,57,43,35,32,39,49,83,42,65,64,63,65,131,0,22,13,30,20,97,42,152,158,144,97,99,98,170,175,183,182,144,-26,276,266,265,237,253,240,235,212,214,212,304,294,301,291,335,301,355,355,409,409,441,400,442,394,396,392,395,395,395,392,381,372,383,383,413,394,435,434,461,395,425,437,428,422,439,425,422,431,426,414,491,494,491,491,552,552,568,566,688,660,1043,1000]} 1. d4 Nf6 2. c4 e6 3. Nf3 d5 4. Bg5 Bb4+ 5. Nc3 dxc4 6. Qa4+ Nc6 7. e3 Bd7 {Strongly threatening ...Nxd4! D39: Queen's Gambit Declined: Ragozin Defence with 5 Bg5 dxc4} 8. Qc2 b5 (8... Na5 9. Ne5 c5 10. O-O-O Nc6 11. Bxf6 gxf6 12. Nxd7 Qxd7 13. dxc5 Qe7 14. Ne4 Bxc5 15. Bxc4 {1-0 (24) Duda,J (2730)-Giri,A (2780) chess.com INT 2019}) 9. a3 Ba5 {The position is equal.} 10. Be2 h6 11. Bh4 {[%mdl 1024] White has compensation.} Ne7 12. O-O O-O $146 ({Predecessor:} 12... Ng6 13. Bg3 O-O 14. Nh4 Bc6 15. Nxg6 fxg6 {1-0 (55) Laylo,D (2507)-Battulga,N (2317) Al Ain 2008}) 13. a4 (13. Bxf6 $5 gxf6 14. Ne4 $11) 13... c6 14. Ne5 Bxc3 15. bxc3 Nf5 (15... Nfd5 $11) 16. Bxf6 $14 gxf6 17. Nxd7 Qxd7 18. axb5 cxb5 19. Ra6 Rfc8 20. Rfa1 Rc7 21. Qe4 Rb8 22. Qf4 Kg7 ({Black should try} 22... Rb6 $14) 23. Bd1 (23. e4 $16 Ne7 24. Qg3+ Ng6 25. h4) 23... b4 24. cxb4 Rxb4 25. Bc2 Ne7 (25... Rb2 $11 {remains equal.} 26. Bxf5 exf5) 26. Qg3+ (26. Rd6 $16 Qc8 27. d5) 26... Kh8 ({Better is} 26... Ng6 $1 $14) 27. Rd6 $1 $36 {[%cal Rd6d7][%mdl 2048] White has strong initiative.} Qc8 28. Qf4 Kg7 29. d5 {And now dxe6 would win.} Nxd5 (29... Ng6 $16 30. Bxg6 fxg6) 30. Qg3+ $1 $18 Kh8 {[#]} 31. e4 $1 {[%cal Re4d5]} Rb2 32. Ba4 $2 (32. exd5 $16 Rxc2 33. dxe6) 32... Qg8 $2 {[%mdl 8192]} (32... c3 $11 {and Black is okay.} 33. exd5 c2) 33. exd5 {Black must now prevent Qc3.} Qxg3 34. hxg3 {Rd8+ is the strong threat.} exd5 35. Rxd5 c3 36. Rdd1 c2 {[#]} 37. Rdc1 $1 Rc5 (37... h5 $142 38. f3 Rc4) 38. Kf1 Ra5 {and if ...Rb1 works, Black does fine.} 39. Ke2 (39. Bxc2 Rxc2 40. Rxa5 Rxc1+ 41. Ke2 Rc7 $11) 39... Rb1 40. Kd2 (40. Rcxb1 cxb1=R 41. Rxb1 Rxa4 $15) 40... Rf5 41. f4 ({Less strong is} 41. Kxc2 Rxa1 42. Rxa1 Rxf2+ 43. Kc1 Rxg2 $16) ({Weaker is} 41. Bxc2 Rxf2+ 42. Kd3 Rxc1 $16) ({Much less strong is} 41. Rcxb1 cxb1=B 42. Rxb1 Rxf2+ 43. Ke3 Rxg2 $18) 41... Ra5 42. Kxc2 Rb8 43. Bb3 Rab5 44. Ra3 Kg7 45. Rd1 Rc5+ 46. Kb2 Rb7 47. Ra4 Kg6 48. Rad4 Rcc7 49. R1d3 Re7 50. Ka3 Re2 51. Rd8 Kg7 52. Rd2 Re3 53. R8d3 Ree7 54. Bd5 Rb6 55. Bf3 Kg6 56. Rb3 Rbe6 57. Rb8 Re8 58. Rxe8 {White is clearly winning.} Rxe8 59. Rd7 Re1 60. Kb2 a6 61. g4 Rf1 62. f5+ Kg7 63. Bd5 {Accuracy: White = 77%, Black = 32%.} 1-0

[Event "49th Rilton Cup 2019-20"]
[Site "Stockholm"]
[Date "2020.01.05"]
[Round "9.3"]
[White "Hillarp Persson, Tiger"]
[Black "Gagare, Shardul"]
[Result "1/2-1/2"]
[WhiteElo "2537"]
[BlackElo "2468"]
[Annotator "ChessBase"]
[PlyCount "91"]
[EventDate "2019.12.27"]
[EventType "swiss"]
[EventCountry "SWE"]
[SourceTitle "playchess.com"]
[Source "ChessBase"]
[SourceQuality "1"]
[TimeControl "30/5400+30:1800+30"]

1. Nf3 {[%emt 0:00:00]} d5 {[%emt 0:00:06]} 2. g3 {[%emt 0:00:00]} g6 {[%emt 0:00:19]} 3. Bg2 {[%emt 0:03:37]} Bg7 {[%emt 0:00:19]} 4. O-O {[%emt 0:00:35]} e5 {[%emt 0:01:06]} 5. d3 {[%emt 0:00:07]} Ne7 {[%emt 0:00:05]} 6. e4 {[%emt 0:00:51]} O-O {[%emt 0:13:33]} 7. exd5 {[%emt 0:08:10]} Nxd5 {[%emt 0:02:04]} 8. Re1 {[%emt 0:07:28]} Nc6 {[%emt 0:03:23]} 9. Nc3 {[%emt 0:00:26]} Nxc3 {[%emt 0:08:57]} 10. bxc3 {[%emt 0:00:37]} Bg4 {[%emt 0:00:33]} 11. Rb1 {[%emt 0:12:15]} Rb8 {[%emt 0:03:04]} 12. Bd2 {[%emt 0:26:40]} h6 {[%emt 0:16:58]} 13. Qc1 {[%emt 0:05:25]} Qf6 {[%emt 0:05:26]} 14. Re3 {[%emt 0:03:11]} Rfe8 {[%emt 0:04:37]} 15. h3 {[%emt 0:03:14]} Bd7 {[%emt 0:00:06]} 16. h4 {[%emt 0:05:31]} b5 {[%emt 0:02:40]} 17. Re4 {[%emt 0:07:27]} Bf5 {[%emt 0:01:52]} 18. Nh2 {[%emt 0:00:31]} Bxe4 {[%emt 0:00:09]} 19. Bxe4 {[%emt 0:00:07]} h5 {[%emt 0:00:14]} 20. a4 {[%emt 0:00:44]} bxa4 {[%emt 0:03:49]} 21. Ra1 {[%emt 0:00:53]} Rb6 {[%emt 0:06:38]} 22. Rxa4 {[%emt 0:01:32]} Reb8 {[%emt 0:00:53]} 23. Ra1 {[%emt 0:00:24]} a5 {[%emt 0:00:45]} 24. Nf3 {[%emt 0:00:57]} Qd6 {[%emt 0:00:55]} 25. Ng5 {[%emt 0:00:59]} f6 {[%emt 0:00:59]} 26. Nh3 {[%emt 0:00:32]} Ne7 {[%emt 0:01:52]} 27. Kh2 {[%emt 0:00:18]} Ra6 {[%emt 0:09:17]} 28. Ra4 {[%emt 0:00:17]} Qd7 {[%emt 0:10:25]} 29. Qa1 {[%emt 0:00:37]} Kh7 {[%emt 0:00:56]} 30. d4 {[%emt 0:07:24]} exd4 {[%emt 0:01:00]} 31. cxd4 {[%emt 0:30:13]} Bh6 {[%emt 0:31:06]} 32. Bxh6 {[%emt 0:00:41]} Kxh6 {[%emt 0:00:04]} 33. Rxa5 {[%emt 0:00:39]} Rxa5 {[%emt 0:01:21]} 34. Qxa5 {[%emt 0:00:03]} Qxd4 {[%emt 0:00:55]} 35. Qxc7 {[%emt 0:00:15]} Qd8 {[%emt 0:00:05]} 36. Qc3 {[%emt 0:00:22]} Qd6 {[%emt 0:00:16]} 37. Qe3+ {[%emt 0:01:20]} Kg7 {[%emt 0:00:05]} 38. Nf4 {[%emt 0:00:06]} Rb4 {[%emt 0:01:00]} 39. Bd3 {[%emt 0:03:09]} Qe5 {[%emt 0:00:09]} 40. Ne6+ {[%emt 0:01:18]} Kg8 {[%emt 0:01:26]} 41. Qxe5 {[%emt 0:00:31]} fxe5 {[%emt 0:00:06]} 42. Ng5 {[%emt 0:00:00]} Kg7 {[%emt 0:00:00]} 43. Kg2 {[%emt 0:00:00]} Nf5 {[%emt 0:00:00]} 44. Kf3 {[%emt 0:00:00]} Nd6 {[%emt 0:00:00]} 45. Ne4 {[%emt 0:00:00]} Nxe4 {[%emt 0:00:00]} 46. Bxe4 {[%emt 0:00:00]} 1/2-1/2